000
00235nam a22000977a 4500
008
140207t xxu||||| |||| 00| 0 eng d
100
_a
Pitrim A. sorokin
_9
684
245
_a
Social and cultural mobility
300
_a
645 p.
942
_2
ddc
_c
BK
999
_c
16943
_d
16943